000 00364 a2200145 4500
245 _asawdust trail
_hprint
020 _a0451181603
700 _aMessman, Jon.
650 _aliterature
005 20191017173121.0
260 _axxu
_bSignet
_cc1994
084 _aCPB Box no. 658 vol. 17
300 _a175 p.
_b175 p.
_c175 p.
500 _aby Jon Sharpe.
490 _aThe trailsman ; no. 156
999 _c9817
_d9817